00262nam a2200109Ia 4500008004100000100002800041245002900069260001700098650001300115942000700128999001700135190216s9999||||xx |||||||||||||| ||und|| aVaikom Muhammad Basheer 0aVishwa Vikyathamaya Mook bNbs Kottayam aKathakal cBK c23952d23952